000 00541nam a22001817a 4500
003 NUST - PNEC
005 20170116180817.0
008 150527b xxu||||| |||| 00| 0 eng d
020 _a-
040 _cLIBRARY
082 _a355.54 GAN
100 _93706
_aGanguly, Sumit
245 _aThe Origins of war in South Asia: Indo-Pakistan Conflicts since 1947
_cSumit Ganguly
260 _aLahore:
_bVanguard Books Pvt., Ltd.,
_cc1998.
300 _a182 p. :
_c22 cm.
650 _93707
_aIndo-Pakistan relationships
_xGeneral
942 _2ddc
_cBK
999 _c63542
_d63542